El arte de la memoria

Kaydedildi:
Detaylı Bibliyografya
Yazar: Yates, Frances A (Yazar)
Materyal Türü: Kitap
Dil:İspanyolca
Baskı/Yayın Bilgisi: Madrid Ediciones Siruela 2011
Edisyon:2a. ed
Seri Bilgileri:Biblioteca de Ensayo, 40
Konular:
Etiketler: Etiketle
Etiket eklenmemiş, İlk siz ekleyin!

MARC

LEADER 00000cam a2200000 a 4500
001 UCE7313
003 CL-VaPUC
008 150605e20110000sp |||||||||||||||||spa|d
020 |a 9788478448760 
082 0 4 |a 153.1409  |b YAT  |2 21 
100 0 |a Yates, Frances A  |e author  |9 580008 
245 1 3 |a El arte de la memoria 
250 |a 2a. ed 
300 |a 495 p 
942 |c BK 
945 |d 20150605 14:50:00  |a dcastane 
260 |a Madrid  |b Ediciones Siruela  |c 2011 
650 0 |a Memoria  |9 266549 
583 |a last modification  |c 20150605 14:50:00  |k Rodrigo Vera 
490 0 |a Biblioteca de Ensayo, 40 
999 |c 359414  |d 359412 
952 |0 0  |1 0  |3 erb  |4 0  |6 153_140900000000000_YAT_2011  |7 0  |8 A  |9 468601  |a BIBART  |b BIBART  |i 5163064  |l 1  |m 4  |o 153.1409 YAT 2011  |p 5163064  |r 2025-03-13  |s 2024-04-24  |w 2019-11-23  |y BK  |z Catalogado en:20150605  |k ART